000 00597nam a2200229Ia 4500
003 OSt
005 20220928101636.0
006 a|||||r|||| 00| 0
007 ta
008 220927b |||||||| |||| 00| 0 eng d
024 _a59262
037 _cTextual
040 _aSDCL
_cSDCL
_beng
041 _2eng
_aeng
082 _aO152,3N57x, M9
100 _aGupta Madhu Bala
_9393144
245 0 _aLaximi ji pathvi par.
260 _aKanpur
_bVidha Vihar
_c1989
300 _a107p.
_ccm.
942 _hO152,3N57x, M9
_cTEXL
_2CC
999 _c708802
_d708802